Normale Ansicht MARC-Ansicht ISBD

Die Bolschewisierung der Landwirtschaft in Sowjetrussland, in den Satellitenstaaten, in der Sowjetzone / (Titelsatznr. 34226)

[ MARC ]
MARC-Details
000 -Satzkennung
Kontrollfeld mit fester Länge 00623nam a22002171c 4500
001 - Kontrollnummer
Kontrollfeld a987676340
008 - Feld mit fester Länge zur physischen Beschreibung - Allgemeine Angaben
Kontrollfeld mit fester Länge 160425s1951 gw |||| 000u ger d
041 ## - Sprachcode
Sprachcode des Textes/der Tonspur oder des separaten Titels ger
040 ## - Katalogisierungsquelle
Übertragungsstelle RU-10907106
003 - Kontrollnummer Identifier
Kontrollfeld RU-10907106
100 1# - Haupteintragung - Personenname
Personenname Kramer, Matthias <1893-1959>
245 04 - Titel
Titel Die Bolschewisierung der Landwirtschaft in Sowjetrussland, in den Satellitenstaaten, in der Sowjetzone /
Verfasserangabe etc. Matthias Kramer
264 ## - Produktion, Veröffentlichung, Distribution, Herstellung und Urheberrechtsvermerk
Herstellungs-, Veröffentlichungs- Vertriebs-, Erzeugungsort Köln ; Köln :
Produzent, Herausgeber, Distributor, Hersteller Rote Weissbücher,
Datum der Herstellung, der Veröffentlichung, des Vertriebs oder des Urheberschutzvermerks 1951
300 ## - Physische Beschreibung
Umfang 144 S.
490 #0 - Gesamttitelangabe
Gesamttitelangabe Rote Weissbücher
Bandnummer/Folgebezeichnung 3
650 #0 - Nebeneintragung unter einem Schlagwort - Sachschlagwort
Sachschlagwort oder geografischer Name als Eintragungselement Bauer
650 #0 - Nebeneintragung unter einem Schlagwort - Sachschlagwort
Sachschlagwort oder geografischer Name als Eintragungselement Kulak
650 #0 - Nebeneintragung unter einem Schlagwort - Sachschlagwort
Sachschlagwort oder geografischer Name als Eintragungselement Sozialismus
651 #0 - Nebeneintragung unter einem Schlagwort - Geografischer Name
Geografischer Name Sowjetunion
942 ## - Zusätzliche Felder (Koha)
Koha-Medientyp Monographien
Exemplare
Ausgeschieden Verloren Klassifikation oder Aufstellungssystematik Beschädigt Nicht entleihbar Heimatbibliothek Aufenthaltsbibliothek Aufstellungsort Erwerbungsdatum Inventarnummer Signatur Barcode Letzte Aktivität Preis gültig von Koha-Medientyp
    Andere/Generische Klassifikation     MWN Osteuropa MWN Osteuropa Magazin - 2 25/04/2016 16-01673 R 61 p Kra E00401507909A8F3 23/02/2021 22/03/2021 Monographien